Postupný zánik tradičných protikladov

Diskusie o perspektívach mesta a dediny sa objavovali už v minulom storočí. Prognózy o koncepciách deurbanizácie, ktoré sa však nenaplnili. Perspektívne sa vidiek čoraz viac bude približovať mestám a naopak. Počet miest na Slovensku. Slovensko na jednej strane v prekonávaní protikladu miest a dedín...

Ausführliche Beschreibung

Gespeichert in:
Bibliographische Detailangaben
1. Verfasser: Fidrmuc, Jaroslav
Format: Buchkapitel
Sprache:Slowakisch
Schlagworte:
Tags: Tag hinzufügen
Keine Tags, Fügen Sie das erste Tag hinzu!

MARC

LEADER 00000naa a2200000 4500
001 r048895
005 20230927091628.3
041 0 |a slo 
044 |a SK 
245 1 0 |a Postupný zánik tradičných protikladov  |c Jaroslav [Fidrmuc] 
520 |a Diskusie o perspektívach mesta a dediny sa objavovali už v minulom storočí. Prognózy o koncepciách deurbanizácie, ktoré sa však nenaplnili. Perspektívne sa vidiek čoraz viac bude približovať mestám a naopak. Počet miest na Slovensku. Slovensko na jednej strane v prekonávaní protikladu miest a dedín dosť pokročilo. Na druhej strane je tento proces zabrzdený nízkym rozvojom výrobných síl. 
610 2 0 |a mestá 
610 2 0 |a vidiek 
610 2 0 |a pokrok 
610 2 0 |a civilizácia 
610 2 0 |a Slovensko 
100 1 |a Fidrmuc, Jaroslav